Tribhuvan University Central Library

Oxford English grammar course. Advanced : with answers / (Record no. 115377)

MARC details
000 -LEADER
fixed length control field 00459nam a22001457a 4500
008 - FIXED-LENGTH DATA ELEMENTS--GENERAL INFORMATION
fixed length control field 240708b |||||||| |||| 00| 0 eng d
020 ## - INTERNATIONAL STANDARD BOOK NUMBER
International Standard Book Number 9780194414937
082 ## - DEWEY DECIMAL CLASSIFICATION NUMBER
Classification number 425
Item number Ox2
245 ## - TITLE STATEMENT
Title Oxford English grammar course. Advanced : with answers /
Statement of responsibility, etc. Michael Swan & Catherine Walter.
260 ## - PUBLICATION, DISTRIBUTION, ETC.
Place of publication, distribution, etc. Oxford :
Name of publisher, distributor, etc. Oxford University Press,
Date of publication, distribution, etc. 2019.
300 ## - PHYSICAL DESCRIPTION
Extent xii, 348p.
500 ## - GENERAL NOTE
General note Includes index.
650 ## - SUBJECT ADDED ENTRY--TOPICAL TERM
Topical term or geographic name entry element English language–Grammar.
942 ## - ADDED ENTRY ELEMENTS (KOHA)
Source of classification or shelving scheme Dewey Decimal Classification
Koha item type General Collections
Holdings
Withdrawn status Lost status Source of classification or shelving scheme Damaged status Not for loan Home library Current library Shelving location Date acquired Total Checkouts Full call number Barcode Date last seen Price effective from Koha item type Date due Date last checked out Total Renewals
    Dewey Decimal Classification     Tribhuvan University Central Library Tribhuvan University Central Library New Building 07/08/2024   425 Ox2 168019 07/08/2024 07/08/2024 General Collections      
    Dewey Decimal Classification     Tribhuvan University Central Library Tribhuvan University Central Library New Building 07/08/2024   425 Ox2 168020 07/08/2024 07/08/2024 General Collections      
    Dewey Decimal Classification     Tribhuvan University Central Library Tribhuvan University Central Library New Building 07/08/2024 1 425 Ox2 168021 08/19/2025 07/08/2024 General Collections 09/09/2025 08/19/2025  
    Dewey Decimal Classification     Tribhuvan University Central Library Tribhuvan University Central Library New Building 07/08/2024   425 Ox2 168022 07/08/2024 07/08/2024 General Collections      
    Dewey Decimal Classification     Tribhuvan University Central Library Tribhuvan University Central Library   07/08/2024 2 425 Ox2 168023 06/16/2025 07/08/2024 General Collections 08/08/2025 06/16/2025 6